01075nam a22001937a 4500003000400000008004100004020001800045082001700063245009800080250001300178260006200191500007400253650011200327700001800439942001200457999001700469952018700486952020800673OSt260625b |||||||| |||| 00| 0 eng d a9788170195917 a632.96bP18M aMicrobial Antagonists: Role in Biological Control of Plant Diseases/by edited by R.N. Pandey a1st. ed. aDelhi : bToday & Tomorrow Printers and Publishers,c2019 a2 Vol. set : Vol. 1 (1-394 p.) Vol. 2 (395-850 p.) aAgriculture and related technologies | Technology (Applied sciences) | Biological pesticides | Pest control aPandey, R.N.  2ddccBK c52329d52329 00102ddc4070aRAUbRAUcGENd2026-06-25eToday & Tomorrow Printers and Publishers o632.96 P18Mp87553r2026-06-25w2026-01-29yBKzPart 1: Fungal AntagonistskBill No. IN-00449  00102ddc4070aRAUbRAUcGENd2026-06-25eToday & Tomorrow Printers and Publishers o632.96 P18Mp87554r2026-06-25w2026-01-29yBKzPart 2: Bacterial Antagonists and BacteriophageskBill No. IN-00449